| 000 | 00468nam a2200169 i 4500 | ||
|---|---|---|---|
| 001 | 62399 | ||
| 003 | ES-MaACL | ||
| 005 | 20230906164647.0 | ||
| 007 | t| | ||
| 008 | 031120s1972 sp ||||1| spa d | ||
| 100 | 1 |
_aFeo, Rafael. _949268 |
|
| 245 | 1 | 0 |
_aHarpócrates y Hebe _b: 1968-1971 / _cRafael Feo, Lefara Castorp. |
| 260 |
_a[Madrid : _bs.n., _c1972] |
||
| 300 |
_a72 p. ; _c17 cm. |
||
| 700 | 1 |
_aCastorp, Lefara. _936800 |
|
| 852 |
_aES-MaACL _jC-47163 _bR.82147 |
||
| 999 |
_c62399 _d62399 |
||